An elegy on the late Honorable Titus Hosmer, esq : one of the counsellors of the State of Connecticut, a member of Congress, and a judge of the Maritime Court of Appeals for the United States of America.

Bibliographic Details
Main Author: Barlow, Joel, 1754-1812
Format: Book
Language:English
Subjects:

MARC

Tag First Indicator Second Indicator Subfields
LEADER 00000cam a2200000 i 4500
001 in00000201213
005 20151009064503.0
008 750627r19671780kyu b 00000 eng d
035 |a (OCoLC)01415915 
035 |9 AAY2249AM 
040 |a GUA  |c GUA  |d TXA  |d UtOrBLW 
049 |a TXAI 
099 |a fiche  |a B  |a 475 
100 1 |a Barlow, Joel,  |d 1754-1812. 
245 1 3 |a An elegy on the late Honorable Titus Hosmer, esq :  |b one of the counsellors of the State of Connecticut, a member of Congress, and a judge of the Maritime Court of Appeals for the United States of America. 
264 3 |a Hartford :  |b printed by Hudson & Goodwin,  |c [1780] 
300 |a 15 pages ;  |c 18 cm. 
336 |a text  |b txt  |2 rdacontent 
337 |a microform  |b h  |2 rdamedia 
338 |a microfiche  |b he  |2 rdacarrier 
500 |a Published anonymously. 
500 |a Microfiche. Louisville, Ky. : Lost Cause Press, 1967. -- 2 sheets ; 7.5 x 12.5 cm. -- (Sabin, Joseph, 1821-1881. [Bibliotheca Americana] Selected Americana. [Microfiche edition]). 
500 |a "Copied from the original in the Library of Congress." 
500 |a Microform. 
600 1 0 |a Hosmer, Titus,  |d 1736-1780. 
999 |a MARS 
999 f f |s 80b384a6-c758-30b8-8932-9d0e2ccc8a80  |i e3c68ee2-b01d-36bf-b4e9-2caae84bbfca  |t 0 
952 f f |p default  |a Texas A&M University  |b College Station  |c Sterling C. Evans Library  |d Evans: Microforms (3rd floor)  |t 0  |e fiche B 475  |h Other scheme  |i microform -- microfiche 
998 f f |a fiche B 475  |t 0  |l Evans: Microforms (3rd floor)